[Event "DC International 2014"]
[Site "Arlington, VA"]
[Date "2014.06.26"]
[Round "1.1"]
[White "Batista, Lazaro"]
[Black "Gautam, Yogesh"]
[Result "1-0"]
[WhiteElo "2694"]
[BlackElo "2101"]
[PlyCount "63"]
[EventDate "2014.06.??"]
[EventType "swiss"]
[EventRounds "9"]
[EventCountry "USA"]
[WhiteClock "0:26:41"]
[BlackClock "0:49:46"]

1. Nf3 d5 2. d4 e6 3. c4 Nf6 4. Nc3 Be7 5. Bg5 O-O 6. e3 h6 7. Bh4 Ne4 8. Bxe7
Qxe7 9. Rc1 Nxc3 10. Rxc3 b6 11. cxd5 exd5 12. Qc2 c6 13. Bd3 Bb7 14. O-O Nd7
15. Rc1 c5 16. b3 Rac8 17. h3 Rc7 18. Bh7+ Kh8 19. Bf5 Rfc8 20. Qd2 g6 21. Bxd7
Qxd7 22. dxc5 bxc5 23. Rxc5 Rxc5 24. Rxc5 Rxc5 25. Qd4+ Kg8 26. Qxc5 Ba6 27. a4
Be2 28. Ne5 Qb7 29. Qc2 Ba6 30. Qc3 Qe7 31. Ng4 Qg5 32. Nf6+ 1-0

[Event "DC International 2014"]
[Site "Arlington, VA"]
[Date "2014.06.26"]
[Round "1.2"]
[White "Clancy, Daniel"]
[Black "Perez, Yuniesky"]
[Result "1/2-1/2"]
[WhiteElo "2083"]
[BlackElo "2642"]
[PlyCount "90"]
[EventDate "2014.06.??"]
[EventType "swiss"]
[EventRounds "9"]
[EventCountry "USA"]
[WhiteClock "0:17:45"]
[BlackClock "0:20:44"]

1. d4 Nf6 2. c4 e6 3. Nf3 Bb4+ 4. Bd2 c5 5. Bxb4 cxb4 6. g3 d6 7. Bg2 O-O 8.
O-O a5 9. a3 Na6 10. axb4 Nxb4 11. Nc3 Qc7 12. b3 Bd7 13. Qd2 Rac8 14. Rac1
Rfe8 15. Rfd1 Qb8 16. Bh3 Rcd8 17. e4 Bc6 18. d5 exd5 19. exd5 Bd7 20. Bxd7
Nxd7 21. Na2 Nc5 22. Nd4 Nxa2 23. Qxa2 Qc7 24. Ra1 Re4 25. Nb5 Qd7 26. Re1 b6
27. Rxe4 Nxe4 28. Re1 Nc5 29. Qc2 h6 30. Re3 g6 31. Qe2 Rf8 32. Re7 Qd8 33. Nd4
Qc8 34. Kg2 h5 35. h4 a4 36. bxa4 Nxa4 37. Nc6 Nc5 38. Nd4 Qa8 39. Nb5 Qd8 40.
Qe3 Kg7 41. Qd4+ Kg8 42. Qe3 Nd3 43. Re4 Nc5 44. Re7 Nd3 45. Re4 Kg7 1/2-1/2

[Event "DC International 2014"]
[Site "Arlington, VA"]
[Date "2014.06.26"]
[Round "1.3"]
[White "Azarov, Sergei"]
[Black "Filipovich, David"]
[Result "1-0"]
[WhiteElo "2610"]
[BlackElo "2076"]
[PlyCount "47"]
[EventDate "2014.06.??"]
[EventType "swiss"]
[EventRounds "9"]
[EventCountry "USA"]
[WhiteClock "0:41:27"]
[BlackClock "0:03:09"]

1. e4 c6 2. Nc3 d5 3. Nf3 Bg4 4. h3 Bxf3 5. Qxf3 Nf6 6. Be2 e6 7. O-O Nbd7 8.
d4 dxe4 9. Nxe4 Be7 10. Rd1 O-O 11. c4 Nxe4 12. Qxe4 Nf6 13. Qf3 Qb6 14. Be3 c5
15. Rd2 Rac8 16. Rad1 cxd4 17. Bxd4 Qc6 18. Qg3 Rfd8 19. Bf3 Qxc4 20. Bxb7 Rb8
21. Bxa7 Ne4 22. Bxe4 Qxe4 23. Qc7 Rxd2 24. Qxb8+ 1-0

[Event "DC International 2014"]
[Site "Arlington, VA"]
[Date "2014.06.26"]
[Round "1.4"]
[White "Lastra, Ricardo"]
[Black "Barbosa, Oliver"]
[Result "0-1"]
[WhiteElo "2060"]
[BlackElo "2592"]
[PlyCount "30"]
[EventDate "2014.06.??"]
[EventType "swiss"]
[EventRounds "9"]
[EventCountry "USA"]
[WhiteClock "1:15:24"]
[BlackClock "1:12:50"]

1. Nf3 d5 2. c4 c6 3. b3 Bg4 4. Ne5 Bh5 5. d4 Nf6 6. Nd2 dxc4 7. Ndxc4 e6 8. g3
b5 9. Bg2 bxc4 10. Nxc6 Nxc6 11. Bxc6+ Nd7 12. Bxa8 Bb4+ 13. Kf1 Qxa8 14. f3
Bc3 15. Rb1 Bg6 0-1

[Event "DC International 2014"]
[Site "Arlington, VA"]
[Date "2014.06.26"]
[Round "1"]
[White "Neimer, Vitaly"]
[Black "Nieto, Guillermo"]
[Result "1-0"]
[WhiteElo "2375"]
[BlackElo "1982"]
[PlyCount "49"]
[EventDate "2014.06.??"]
[EventType "swiss"]
[EventRounds "9"]
[EventCountry "USA"]

1. e4 c5 2. Nf3 Nc6 3. Bb5 g6 4. O-O Bg7 5. Re1 Nh6 6. c3 O-O 7. d4 cxd4 8.
cxd4 d5 9. exd5 Qxd5 10. Nc3 Qd6 11. d5 Nb4 12. Re4 Bf5 13. Bf4 e5 14. Rxe5
Bxe5 15. Bxe5 Qc5 16. Qd2 Ng4 17. Bd4 Qe7 18. Re1 Qd6 19. h3 Nf6 20. Be5 Qd8
21. g4 a6 22. Bf1 Bc8 23. Qh6 Bd7 24. a3 Nc2 25. Ne4 1-0

[Event "DC International 2014"]
[Site "Arlington, VA"]
[Date "2014.06.26"]
[Round "1"]
[White "Kaufman, Lawrence"]
[Black "Vaidya, Atulya"]
[Result "1-0"]
[WhiteElo "2329"]
[BlackElo "1980"]
[PlyCount "67"]
[EventDate "2014.06.??"]
[EventType "swiss"]
[EventRounds "9"]
[EventCountry "USA"]

1. d4 Nf6 2. c4 g6 3. f3 Bg7 4. e4 d6 5. Nc3 O-O 6. Be3 Nbd7 7. Nh3 c5 8. d5 a6
9. a4 Ne5 10. Nf2 e6 11. Be2 exd5 12. cxd5 Re8 13. O-O Rb8 14. Re1 b6 15. Rb1
Qc7 16. f4 Ned7 17. Bc4 h6 18. Qd3 Nh7 19. Bxa6 Bxa6 20. Qxa6 Ra8 21. Qc4 g5
22. g3 gxf4 23. gxf4 Nhf8 24. Kh1 Ng6 25. Rg1 Kh8 26. Qf1 Qd8 27. Qh3 Kh7 28.
f5 Nh4 29. Rxg7+ Kxg7 30. Rg1+ Kh7 31. Rg4 Nxf5 32. exf5 Rxe3 33. Qxe3 Qf6 34.
Qh3 1-0

[Event "DC International 2014"]
[Site "Arlington, VA"]
[Date "2014.06.26"]
[Round "1"]
[White "Obiamiwe, Paul"]
[Black "Balasubramanian, Adithya"]
[Result "0-1"]
[WhiteElo "1970"]
[BlackElo "2320"]
[PlyCount "74"]
[EventDate "2014.06.??"]
[EventType "swiss"]
[EventRounds "9"]
[EventCountry "USA"]

1. Nf3 Nf6 2. c4 g6 3. g3 Bg7 4. Bg2 O-O 5. O-O Nc6 6. d4 d5 7. Nc3 dxc4 8. Qa4
Nxd4 9. Nxd4 Qxd4 10. Be3 Qg4 11. h3 Qh5 12. g4 Qh4 13. Qxc4 h5 14. Qxc7 hxg4
15. hxg4 Nxg4 16. Bf4 e5 17. Bg3 Qh5 18. Rfd1 Be6 19. Nd5 Rab8 20. Bf3 Rfe8 21.
Qa5 f5 22. e3 g5 23. Nc7 f4 24. exf4 gxf4 25. Bxf4 b6 26. Qb5 a6 27. Nxa6 Rf8
28. Bd5 Rxf4 29. Bxe6+ Kh8 30. Bxg4 Qxg4+ 31. Kf1 Rbf8 32. Rd2 Qh3+ 33. Ke1
Qh1+ 34. Qf1 Re4+ 35. Re2 Rxe2+ 36. Kxe2 Qe4+ 37. Kd1 Rd8+ 0-1

[Event "DC International 2014"]
[Site "Arlington, VA"]
[Date "2014.06.26"]
[Round "1"]
[White "Shetty, Atulya"]
[Black "Sinha, Sahil"]
[Result "1/2-1/2"]
[WhiteElo "2302"]
[BlackElo "1959"]
[PlyCount "60"]
[EventDate "2014.06.??"]
[EventType "swiss"]
[EventRounds "9"]
[EventCountry "USA"]

1. c4 e5 2. g3 Nc6 3. Nc3 g6 4. Bg2 Bg7 5. e4 Nge7 6. Nge2 O-O 7. O-O d6 8. d3
f5 9. Be3 h6 10. Qd2 g5 11. exf5 Bxf5 12. d4 Qd7 13. Nd5 Ng6 14. Rad1 Rae8 15.
Ndc3 Bh3 16. d5 Bxg2 17. Kxg2 Qg4 18. Ng1 Nd4 19. h3 Qd7 20. Qd3 Nf5 21. Ne4 b6
22. b4 Nxe3+ 23. fxe3 Ne7 24. c5 Rxf1 25. Qxf1 dxc5 26. Qc4 Nf5 27. Qb3 c4 28.
Qc3 b5 29. Nf3 Nd6 30. Nfd2 Qf5 1/2-1/2

[Event "DC International 2014"]
[Site "Arlington, VA"]
[Date "2014.06.26"]
[Round "1"]
[White "Helfst, Matt"]
[Black "Gulamali, Kazim"]
[Result "0-1"]
[WhiteElo "1951"]
[BlackElo "2300"]
[PlyCount "42"]
[EventDate "2014.06.??"]
[EventType "swiss"]
[EventRounds "9"]
[EventCountry "USA"]

1. Nf3 Nf6 2. c4 g6 3. b4 e6 4. b5 a6 5. g3 d5 6. bxa6 Rxa6 7. cxd5 exd5 8. Bg2
Bg7 9. Bb2 O-O 10. O-O Re8 11. d3 c5 12. a4 Nc6 13. Re1 Bf5 14. Nbd2 d4 15. Qc2
b6 16. Qb3 Na5 17. Qb5 Qc8 18. Bc1 Nd5 19. Nc4 Bd7 20. Qb2 Nxc4 21. dxc4 d3 0-1

[Event "DC International 2014"]
[Site "Arlington, VA"]
[Date "2014.06.26"]
[Round "1"]
[White "Sapozhnikov, Roman"]
[Black "Nguyen, Trung"]
[Result "1-0"]
[WhiteElo "2298"]
[BlackElo "1041"]
[PlyCount "55"]
[EventDate "2014.06.??"]
[EventType "swiss"]
[EventRounds "9"]
[EventCountry "USA"]

1. d4 Nf6 2. c4 g6 3. Nc3 Bg7 4. Nf3 O-O 5. Bg5 h6 6. Bh4 d6 7. e3 c6 8. Bd3
Nbd7 9. O-O Qc7 10. Qc2 Re8 11. b4 b6 12. Rac1 Bb7 13. Be2 Rac8 14. a3 Qb8 15.
Rfd1 Qa8 16. Qb3 Qb8 17. Rb1 Qc7 18. c5 Nf8 19. Bg3 Nh5 20. Bc4 e5 21. cxd6 Qd7
22. Bxe5 b5 23. Be2 Nf6 24. Bg3 Nh5 25. Ne5 Bxe5 26. Bxe5 Ne6 27. Bxh5 gxh5 28.
Ne4 1-0

[Event "DC International 2014"]
[Site "Arlington, VA"]
[Date "2014.06.26"]
[Round "1"]
[White "Nguyen, Tan"]
[Black "Wheeler, Cameron"]
[Result "0-1"]
[WhiteElo "1870"]
[BlackElo "2242"]
[PlyCount "86"]
[EventDate "2014.06.??"]
[EventType "swiss"]
[EventRounds "9"]
[EventCountry "USA"]

1. d4 d5 2. c4 c6 3. Nf3 Nf6 4. e3 e6 5. Nc3 Nbd7 6. Be2 dxc4 7. Bxc4 b5 8. Be2
Bb7 9. O-O a6 10. a4 Be7 11. e4 b4 12. e5 bxc3 13. exf6 Bxf6 14. bxc3 c5 15.
Bf4 O-O 16. Bd6 Be7 17. Bxe7 Qxe7 18. a5 Rfd8 19. Qb3 Nf6 20. Qa3 Nd5 21. Qxc5
Qxc5 22. dxc5 Nxc3 23. Bc4 Rac8 24. Rfc1 Ne4 25. Rab1 Nxc5 26. Be2 Be4 27. Rb6
Na4 28. Rxc8 Rxc8 29. Rxa6 Rc1+ 30. Bf1 Rxf1+ 31. Kxf1 Bd3+ 32. Ke1 Bxa6 33.
Kd2 Kf8 34. Kc2 Ke7 35. Kb3 Nc5+ 36. Kc3 Kd6 37. Ng5 f6 38. Nxh7 Bd3 39. Nf8 e5
40. Kb4 Na6+ 41. Kc3 Bb1 42. Kc4 Ke7 43. Kb5 Bd3+ 0-1

[Event "DC International 2014"]
[Site "Arlington, VA"]
[Date "2014.06.26"]
[Round "1"]
[White "Ippolito, Dean"]
[Black "Chan, James"]
[Result "1-0"]
[WhiteElo "2430"]
[BlackElo "2023"]
[PlyCount "41"]
[EventDate "2014.06.??"]
[EventType "swiss"]
[EventRounds "9"]
[EventCountry "USA"]

1. d4 d5 2. Nf3 Nf6 3. c4 c6 4. Qb3 g6 5. Nc3 Bg7 6. g3 O-O 7. Bg2 Qb6 8. O-O
Rd8 9. Rd1 Be6 10. c5 Qc7 11. Ng5 Bg4 12. h3 Bc8 13. e4 h6 14. Nxf7 Kxf7 15.
exd5 cxd5 16. Bxd5+ Kf8 17. Bf4 Qd7 18. Bg2 Na6 19. Qc4 Nb8 20. d5 g5 21. c6
1-0

[Event "DC International 2014"]
[Site "Arlington, VA"]
[Date "2014.06.26"]
[Round "2.1"]
[White "Balasubramanian, Adithya"]
[Black "Batista, Lazaro"]
[Result "1/2-1/2"]
[WhiteElo "2320"]
[BlackElo "2694"]
[PlyCount "137"]
[EventDate "2014.06.??"]
[EventType "swiss"]
[EventRounds "9"]
[EventCountry "USA"]
[WhiteClock "0:15:31"]
[BlackClock "0:00:57"]

1. Nf3 Nf6 2. g3 g6 3. Bg2 Bg7 4. O-O O-O 5. d3 d5 6. Nbd2 a5 7. e4 dxe4 8.
dxe4 Nc6 9. Qe2 b6 10. e5 Ba6 11. c4 Ng4 12. e6 f5 13. h3 Nf6 14. Rd1 Qc8 15.
Nb3 Ne4 16. Rd7 Rd8 17. Rxd8+ Nxd8 18. Ng5 Bb7 19. Nxe4 fxe4 20. Rb1 a4 21. Nd2
e3 22. Qxe3 Bxg2 23. Kxg2 Nxe6 24. Nf3 Nc5 25. Qxe7 Qf5 26. Qg5 Qe4 27. Be3 Nd3
28. Qd5+ Qxd5 29. cxd5 Bxb2 30. Ne1 Nxe1+ 31. Rxe1 Ra5 32. Rd1 Be5 33. Kf3 Kf7
34. Ke4 Bd6 35. Rb1 Ra8 36. f4 Re8+ 37. Kd3 Rd8 38. g4 Ba3 39. Kc4 Re8 40. Kd3
Rd8 41. Kc4 Re8 42. Kd3 Ke7 43. Bd4 Kd6 44. Be5+ Kxd5 45. Bxc7 Bc5 46. Be5 g5
47. Rd1 gxf4 48. Bxf4 Rf8 49. Kc3+ Ke4 50. Bd6 Rf3+ 51. Kc4 Rxh3 52. Bxc5 bxc5
53. Kxc5 a3 54. Rf1 Rh2 55. Kb4 Rxa2 56. Rh1 Rb2+ 57. Kxa3 Rb7 58. Rf1 Rg7 59.
Kb4 Rxg4 60. Rh1 Ke3+ 61. Kc5 Rg7 62. Kd6 Kf3 63. Ke6 Kg2 64. Rh5 Ra7 65. Kf6
Kg3 66. Kg5 Ra5+ 67. Kh6 Rxh5+ 68. Kxh5 h6 69. Kxh6 1/2-1/2

[Event "DC International 2014"]
[Site "Arlington, VA"]
[Date "2014.06.26"]
[Round "2.2"]
[White "Li, Ruifeng"]
[Black "Azarov, Sergei"]
[Result "0-1"]
[WhiteElo "2305"]
[BlackElo "2610"]
[PlyCount "164"]
[EventDate "2014.06.??"]
[EventType "swiss"]
[EventRounds "9"]
[EventCountry "USA"]
[WhiteClock "0:03:19"]
[BlackClock "0:00:46"]

1. e4 e5 2. Nf3 Nc6 3. Bb5 a6 4. Ba4 Nf6 5. O-O Be7 6. Nc3 b5 7. Bb3 O-O 8. d3
d6 9. Nd5 Na5 10. Nxe7+ Qxe7 11. Bd2 Nxb3 12. axb3 Bb7 13. Nh4 d5 14. Nf5 Qe6
15. f3 Rfe8 16. Qe1 Nd7 17. Qh4 Kh8 18. Kh1 f6 19. Rfe1 Nf8 20. Qg4 Qd7 21.
Rad1 Ne6 22. Be3 Rad8 23. h4 c5 24. Ng3 Qf7 25. h5 h6 26. Nf5 Kh7 27. c3 Kh8
28. Nh4 Bc8 29. Nf5 d4 30. Bc1 dxc3 31. bxc3 Ng5 32. c4 Bxf5 33. Qxf5 Qxh5+ 34.
Kg1 Rd6 35. Bxg5 Qxg5 36. Qxg5 hxg5 37. Kf2 Rb8 38. Ke3 a5 39. Ra1 bxc4 40.
bxc4 Ra6 41. Ra4 Rb4 42. Rea1 Rxa4 43. Rxa4 g4 44. fxg4 Kh7 45. g5 Kg6 46. gxf6
gxf6 47. Kf3 Kg5 48. g3 Ra8 49. Kg2 Kg4 50. Kf2 Ra7 51. Ke2 Kxg3 52. Ke3 Ra6
53. Ke2 Kf4 54. Kf2 Rb6 55. Rxa5 Rb2+ 56. Kg1 Kg3 57. Kf1 Kf3 58. Kg1 Rg2+ 59.
Kf1 Rd2 60. Ke1 Rxd3 61. Ra6 Kxe4 62. Rxf6 Kd4 63. Ke2 e4 64. Re6 Rh3 65. Rd6+
Kxc4 66. Re6 Kd4 67. Rd6+ Kc3 68. Re6 e3 69. Rc6 c4 70. Rc7 Kb3 71. Rc8 c3 72.
Kd3 e2+ 73. Kxe2 Kc2 74. Ra8 Rh7 75. Rb8 Re7+ 76. Kf2 Kc1 77. Rc8 c2 78. Rb8
Re5 79. Rb7 Kd2 80. Rd7+ Kc3 81. Rc7+ Kd3 82. Kf1 Re4 0-1

[Event "DC International 2014"]
[Site "Arlington, VA"]
[Date "2014.06.26"]
[Round "2.3"]
[White "Barbosa, Oliver"]
[Black "Vibbert, Sean"]
[Result "1/2-1/2"]
[WhiteElo "2592"]
[BlackElo "2316"]
[PlyCount "82"]
[EventDate "2014.06.??"]
[EventType "swiss"]
[EventRounds "9"]
[EventCountry "USA"]
[WhiteClock "0:00:11"]
[BlackClock "0:34:42"]

1. d4 d5 2. Nf3 Nf6 3. c4 c6 4. e3 Bf5 5. Nc3 e6 6. Nh4 Bg6 7. g3 Nbd7 8. a3
Be7 9. Nxg6 hxg6 10. b3 a6 11. c5 Ne4 12. Nxe4 dxe4 13. b4 Nf6 14. Bg2 g5 15.
h3 Qd5 16. g4 Bd8 17. Qc2 Bc7 18. Bb2 a5 19. Ke2 Ra7 20. f3 exf3+ 21. Bxf3 Qd8
22. b5 cxb5 23. d5 exd5 24. Qf5 Ra6 25. Qxg5 Ne4 26. Qxd8+ Bxd8 27. Bxe4 dxe4
28. Bxg7 Rh7 29. Bd4 Rah6 30. Rab1 b4 31. axb4 Rxh3 32. Rxh3 Rxh3 33. Kd2 axb4
34. Kc2 Bg5 35. Rxb4 Bxe3 36. Bxe3 Rxe3 37. Rxb7 Rg3 38. c6 Kd8 39. Rd7+ Kc8
40. Rxf7 Rxg4 41. Kd2 Rg6 1/2-1/2

[Event "DC International 2014"]
[Site "Arlington, VA"]
[Date "2014.06.26"]
[Round "2.4"]
[White "Gulamali, Kazim"]
[Black "Suarez, Isan"]
[Result "0-1"]
[WhiteElo "2300"]
[BlackElo "2588"]
[PlyCount "50"]
[EventDate "2014.06.??"]
[EventType "swiss"]
[EventRounds "9"]
[EventCountry "USA"]
[WhiteClock "0:14:49"]
[BlackClock "0:44:46"]

1. e4 c5 2. Nf3 d6 3. d4 cxd4 4. Nxd4 Nf6 5. Nc3 a6 6. Bg5 Nbd7 7. Bc4 e6 8.
Qe2 h6 9. Bxf6 Nxf6 10. O-O-O Qc7 11. f4 Be7 12. e5 dxe5 13. fxe5 Nh7 14. h4
O-O 15. Bd3 Rd8 16. Nf3 Nf8 17. g4 b5 18. Ne4 Ng6 19. g5 Nxe5 20. Nxe5 Qxe5 21.
Rdf1 Bb7 22. Rhg1 hxg5 23. Rxf7 Kxf7 24. Qh5+ Kg8 25. Qg6 Rxd3 0-1

[Event "DC International 2014"]
[Site "Arlington, VA"]
[Date "2014.06.26"]
[Round "2"]
[White "Vidal, Yuri"]
[Black "Sapozhnikov, Roman"]
[Result "1/2-1/2"]
[WhiteElo "2557"]
[BlackElo "2298"]
[PlyCount "105"]
[EventDate "2014.06.??"]
[EventType "swiss"]
[EventRounds "9"]
[EventCountry "USA"]

1. e4 e5 2. Nf3 Nc6 3. Bc4 Bc5 4. c3 Nf6 5. d3 h6 6. b4 Bb6 7. a4 a6 8. O-O O-O
9. Re1 d6 10. Nbd2 Be6 11. Bxe6 fxe6 12. Nc4 Ba7 13. Be3 Bxe3 14. fxe3 b5 15.
Na3 Rb8 16. Nc2 Qe8 17. axb5 axb5 18. Ra6 Ra8 19. Qa1 Qc8 20. Ra3 d5 21. exd5
exd5 22. Qa2 Kh7 23. d4 e4 24. Nd2 Rb8 25. Rf1 Ne7 26. Ra7 Ng6 27. h3 Rb6 28.
Ne1 Rc6 29. Nb1 Qe6 30. Qe2 Rb8 31. Nc2 Ne8 32. Na1 Ra6 33. Rxa6 Qxa6 34. Nb3
Qd6 35. N1d2 c6 36. Ra1 Rb7 37. Qg4 Nf6 38. Qf5 Qd7 39. Qf2 Ra7 40. Ra5 Rc7 41.
Nc5 Qc8 42. Nf1 Rf7 43. Ra6 Qc7 44. Qf5 Ne8 45. Qe6 Nd6 46. Ra8 Nf8 47. Qg4 Nc4
48. Qe2 Qd6 49. Qe1 Ng6 50. Ra2 Ne7 51. Rf2 Rf6 52. Rxf6 Qxf6 53. Qf2 1/2-1/2

[Event "DC International 2014"]
[Site "Arlington, VA"]
[Date "2014.06.26"]
[Round "2"]
[White "Wheeler, Cameron"]
[Black "Panchevski, Filip"]
[Result "1/2-1/2"]
[WhiteElo "2242"]
[BlackElo "2476"]
[PlyCount "73"]
[EventDate "2014.06.??"]
[EventType "swiss"]
[EventRounds "9"]
[EventCountry "USA"]

1. c4 d6 2. g3 f5 3. Bg2 Nf6 4. Nc3 e5 5. d3 Be7 6. Nf3 O-O 7. O-O c6 8. c5 d5
9. Nxe5 Bxc5 10. d4 Bd6 11. Nd3 Nh5 12. Bf3 Qe8 13. Re1 Nf6 14. b4 Ne4 15. Qb3
a6 16. Bf4 Bxf4 17. Nxf4 Nd7 18. a4 Ndf6 19. Nd3 Ng5 20. Bg2 Nfe4 21. e3 Qh5
22. f4 Nf7 23. b5 axb5 24. axb5 Rxa1 25. Rxa1 Nf6 26. h3 Ne4 27. bxc6 bxc6 28.
Kh2 Re8 29. Ra8 Qg6 30. Nxe4 fxe4 31. Ne5 Nxe5 32. fxe5 Qe6 33. Qb6 h6 34. h4
Rf8 35. Qc7 Bd7 36. Rxf8+ Kxf8 37. Kg1 1/2-1/2

[Event "DC International 2014"]
[Site "Arlington, VA"]
[Date "2014.06.26"]
[Round "2"]
[White "Pressman, Leif"]
[Black "Paragua, Mark"]
[Result "0-1"]
[WhiteElo "2281"]
[BlackElo "2510"]
[PlyCount "62"]
[EventDate "2014.06.??"]
[EventType "swiss"]
[EventRounds "9"]
[EventCountry "USA"]

1. e4 c5 2. Nf3 Nc6 3. Nc3 e6 4. d4 cxd4 5. Nxd4 a6 6. Be3 Nf6 7. Be2 e5 8.
Nxc6 bxc6 9. O-O d5 10. exd5 cxd5 11. f4 exf4 12. Bxf4 Be7 13. Bf3 Be6 14. Be5
O-O 15. Ne2 Ne4 16. Nd4 Bc5 17. Kh1 Qg5 18. Nxe6 fxe6 19. Bd4 Bxd4 20. Qxd4 Qf4
21. Qd3 Qe5 22. Bxe4 dxe4 23. Qe3 h6 24. h3 Rf5 25. g4 Rff8 26. b3 Rf3 27. Qe2
Rxh3+ 28. Kg1 Qg3+ 29. Qg2 Qh4 30. Qe2 Rg3+ 31. Kf2 Rf8+ 0-1

[Event "DC International 2014"]
[Site "Arlington, VA"]
[Date "2014.06.26"]
[Round "2"]
[White "Nieto, Manuel"]
[Black "Helfst, Matt"]
[Result "1-0"]
[WhiteElo "2057"]
[BlackElo "1951"]
[PlyCount "123"]
[EventDate "2014.06.??"]
[EventType "swiss"]
[EventRounds "9"]
[EventCountry "USA"]

1. d4 d5 2. c4 e6 3. Nc3 Be7 4. Nf3 Nf6 5. Bg5 O-O 6. cxd5 exd5 7. e3 c6 8. Bd3
Re8 9. O-O Bg4 10. h3 Bxf3 11. Qxf3 Nbd7 12. Rab1 a5 13. Rfe1 Nf8 14. Rbd1 Ne4
15. Bxe7 Qxe7 16. Bxe4 dxe4 17. Qg4 Rad8 18. d5 Rd6 19. Rd4 cxd5 20. Nxd5 Qe5
21. Red1 Rg6 22. Qh4 Rh6 23. Qf4 Qxf4 24. Nxf4 Rc6 25. R1d2 g6 26. Rd5 b6 27.
Rd6 Rec8 28. Nd5 Rxd6 29. Ne7+ Kg7 30. Rxd6 Rc1+ 31. Kh2 Rc2 32. Rxb6 Rxf2 33.
Rb5 Re2 34. Nd5 Ne6 35. a4 h5 36. b3 Rb2 37. Nb6 Nc7 38. Nc4 Nxb5 39. Nxb2 Na7
40. Kg3 f5 41. Kf4 Kf6 42. h4 Nc6 43. Nc4 Ke6 44. Kg5 Kf7 45. g3 Kg7 46. Nd6
Ne7 47. Nb7 Nd5 48. Nxa5 Nxe3 49. Nc6 Nc2 50. Kf4 Kf6 51. a5 Ne1 52. g4 hxg4
53. a6 Nd3+ 54. Kg3 e3 55. Nd4 Ke5 56. Ne2 Nf2 57. a7 Ne4+ 58. Kh2 f4 59. a8=Q
f3 60. Qe8+ Kf5 61. Nd4+ Kf4 62. Qb8+ 1-0

[Event "DC International 2014"]
[Site "Arlington, VA"]
[Date "2014.06.26"]
[Round "2"]
[White "Kannappan, Priyadharshan"]
[Black "Aripov, Iskandar"]
[Result "1-0"]
[WhiteElo "2443"]
[BlackElo "2213"]
[PlyCount "97"]
[EventDate "2014.06.??"]
[EventType "swiss"]
[EventRounds "9"]
[EventCountry "USA"]

1. e4 c5 2. Ne2 Nc6 3. d4 cxd4 4. Nxd4 g6 5. c4 Nf6 6. Nc3 Nxd4 7. Qxd4 d6 8.
Bg5 Bg7 9. Qd2 O-O 10. Be2 Be6 11. Rc1 a5 12. b3 Qb6 13. O-O Rfc8 14. Kh1 Qb4
15. f4 Rc7 16. f5 Bd7 17. fxg6 hxg6 18. a3 Qxa3 19. Bxf6 exf6 20. Nd5 Rc6 21.
Ra1 Qc5 22. b4 Qa7 23. Ne7+ Kh7 24. Nxc6 Bxc6 25. Rxa5 Qb8 26. Rxa8 Qxa8 27.
Bf3 Bf8 28. Qc3 Qd8 29. Rd1 Qe7 30. Qd4 Ba4 31. Ra1 Bc6 32. Rd1 Ba4 33. Rf1 Bc6
34. Qd3 Bh6 35. b5 Be8 36. g3 Qe5 37. Rd1 Bf8 38. Qd4 Qe6 39. Qd5 Qe7 40. Ra1
Qc7 41. Ra8 Qd7 42. Rb8 Qh3 43. Bg2 Qd7 44. Qxb7 Qg4 45. Qa7 Qe6 46. Qd4 Bh6
47. Qd5 Qd7 48. h3 Qe7 49. Qa8 1-0

[Event "DC International 2014"]
[Site "Arlington, VA"]
[Date "2014.06.26"]
[Round "2"]
[White "Hughes, John"]
[Black "Ippolito, Dean"]
[Result "0-1"]
[WhiteElo "2220"]
[BlackElo "2430"]
[PlyCount "70"]
[EventDate "2014.06.??"]
[EventType "swiss"]
[EventRounds "9"]
[EventCountry "USA"]

1. e4 e5 2. Nf3 Nf6 3. Nxe5 d6 4. Nf3 Nxe4 5. Nc3 Nxc3 6. dxc3 Be7 7. Be3 O-O
8. Qd2 Nd7 9. O-O-O Ne5 10. Nxe5 dxe5 11. Qxd8 Rxd8 12. Rxd8+ Bxd8 13. Bc4 Bf5
14. Rd1 Bf6 15. f3 h5 16. Bd5 c6 17. Be4 Be6 18. a4 Bd8 19. f4 exf4 20. Bxf4
Bf6 21. a5 a6 22. Bf3 g5 23. Be3 g4 24. Be4 Re8 25. Bf4 Bc4 26. Bf5 Bd5 27. h3
Bxg2 28. hxg4 h4 29. Bd3 Be5 30. Bxe5 Rxe5 31. Bf1 h3 32. b4 Kg7 33. c4 Re4 34.
c3 Rf4 35. Bxg2 hxg2 0-1

[Event "DC International 2014"]
[Site "Arlington, VA"]
[Date "2014.06.26"]
[Round "2"]
[White "Banik, Siddharth"]
[Black "Shetty, Atulya"]
[Result "0-1"]
[WhiteElo "2036"]
[BlackElo "2302"]
[PlyCount "80"]
[EventDate "2014.06.??"]
[EventType "swiss"]
[EventRounds "9"]
[EventCountry "USA"]

1. e4 e6 2. d4 d5 3. Nd2 c5 4. exd5 Qxd5 5. Ngf3 cxd4 6. Bc4 Qd6 7. Qe2 Nf6 8.
Nb3 Nc6 9. Bg5 Be7 10. O-O-O a6 11. Nbxd4 Nxd4 12. Nxd4 Qc7 13. Kb1 h6 14. Bh4
O-O 15. Rhe1 Rd8 16. Bb3 b5 17. Bg3 Qc5 18. Qf3 Bd7 19. Re5 Qa7 20. Ree1 Rac8
21. Be5 a5 22. c3 Qc5 23. Bg3 a4 24. Re5 Qa7 25. Bc2 a3 26. Nf5 Bc6 27. Rxd8+
Bxd8 28. Nxh6+ gxh6 29. Qf4 Kg7 30. Qh4 axb2 31. Bf4 Ng8 32. Qg3+ Kf8 33. Bh7
Nf6 34. Bxh6+ Ke8 35. Qg7 Be7 36. Be3 Qa3 37. Bg6 fxg6 38. Bc5 Be4+ 39. Rxe4
Qxc5 40. Rxe6 Qf5+ 0-1

[Event "DC International 2014"]
[Site "Arlington, VA"]
[Date "2014.06.27"]
[Round "3.1"]
[White "Azarov, Sergei"]
[Black "Korley, Kassa"]
[Result "1-0"]
[WhiteElo "2610"]
[BlackElo "2412"]
[PlyCount "53"]
[EventDate "2014.06.??"]
[EventType "swiss"]
[EventRounds "9"]
[EventCountry "USA"]
[WhiteClock "0:22:02"]
[BlackClock "0:18:47"]

1. e4 e5 2. Nf3 Nf6 3. Nxe5 d6 4. Nf3 Nxe4 5. c4 Be7 6. d4 O-O 7. Bd3 Nf6 8. h3
Re8 9. O-O Nbd7 10. Nc3 Nf8 11. Re1 Ng6 12. Qc2 c6 13. Bd2 Bd7 14. Re2 Bf8 15.
Rxe8 Bxe8 16. Re1 h6 17. Ne2 Ne7 18. g4 Bd7 19. Ng3 Qc7 20. g5 hxg5 21. Nxg5
Be8 22. Bh7+ Kh8 23. Re4 g6 24. Rh4 Kg7 25. d5 Bd7 26. Bc3 Nf5 27. Nh5+ 1-0

[Event "DC International 2014"]
[Site "Arlington, VA"]
[Date "2014.06.27"]
[Round "3.2"]
[White "Suarez, Isan"]
[Black "Mandizha, Farai"]
[Result "1/2-1/2"]
[WhiteElo "2588"]
[BlackElo "2385"]
[PlyCount "112"]
[EventDate "2014.06.??"]
[EventType "swiss"]
[EventRounds "9"]
[EventCountry "USA"]
[WhiteClock "0:09:18"]
[BlackClock "1:12:09"]

1. e4 e6 2. d4 d5 3. Nd2 Nf6 4. e5 Nfd7 5. f4 c5 6. Ngf3 Nc6 7. Nb3 Be7 8. dxc5
Nxc5 9. Be3 Na4 10. Rb1 Bd7 11. c3 Na5 12. Nfd2 Qc7 13. Nxa5 Qxa5 14. Nb3 Qc7
15. Be2 Nb6 16. O-O Nc4 17. Bd4 a5 18. Nd2 b5 19. b3 Na3 20. Rc1 Bc5 21. Nf3
Qb6 22. Qd2 O-O 23. Bd3 Rfc8 24. Qf2 Bxd4 25. cxd4 b4 26. Rc5 Rxc5 27. dxc5 Qa7
28. Rc1 Rc8 29. Qh4 Kf8 30. Bxh7 Nb5 31. Bd3 Rxc5 32. Rxc5 Qxc5+ 33. Kh1 Qc1+
34. Ng1 Ke8 35. f5 Qh6 36. Qf2 exf5 37. Bxb5 Bxb5 38. Qa7 Qa6 39. Qb8+ Ke7 40.
Qc7+ Bd7 41. h3 Ke8 42. Qc5 Qb5 43. Qa7 Kf8 44. Nf3 Kg8 45. Qa8+ Kh7 46. Qd8
Be6 47. Kh2 a4 48. h4 d4 49. Ng5+ Kg6 50. Nf3 Kh7 51. Ng5+ Kg6 52. Nf3 Kh7 53.
Ng5+ Kg6 54. Nf3 Kh7 55. Ng5+ Kg6 56. Nf3 Kh7 1/2-1/2